000 00302nam a2200121Ia 4500
008 190216s9999||||xx |||||||||||||| ||und||
100 _aDavid R Hampton
245 0 _aModern Management Ideas And Issues
260 _bAllied Publishers Limited
_c1976
300 _a307p
650 _aCommerce
942 _cBK
999 _c4652
_d4652